000 01357cam a2200373Mi 4500
001 on1081108893
003 TZ-ArACH
005 20230303123055.0
008 181126s2018 fr 000 0 fre d
015 _a01880398
_2bnf
020 _a9782757873403
_q(Br)
020 _a2757873407
024 3 _a9782757873403
029 1 _aZWZ
_b233005633
035 _a(OCoLC)1081108893
040 _aBDF
_bfre
_encafnor
_cTZ-ArACH
_dOCLCQ
041 1 _afre
_heng
049 _aTZAA
050 _aE901
_b.O25 2018
100 1 _aObama, Barack,
_d1961- ...
_4aut
240 1 0 _aAudacity of hope.
_lFrançais
245 1 2 _aAudace d'espérer :
_bune nouvelle conception de la politique américaine /
_cBarack Obama ; traduit de l'anglais (États-Unis) par Jacques Martinache.
260 _aParis :
_bÉditions Points,
_c2018.
300 _a1 v. (444 p.) ;
_c18 cm
490 0 _aPoints ;
_vP2174
650 7 _aCandidats à la présidenc
_zÉtats-Unis.
_2ram
651 7 _aÉtats-Unis
_xPolitique et gouvernement
_y2001-2009.
_2ram
_910906
700 1 _aMartinache, Jacques.
_4trl
760 0 _tPoints (Paris)
_g2174
_x0768-0481
_w(FrPBN)34234518
856 4 2 _3Bibliothèque Nationale de France catalog record and holdings
_uhttp://catalogue.bnf.fr/ark:/12148/cb456270369
886 1 _2intermrc
_a009
_ba d
886 2 _2intermrc
_a680
_b0
_a320
_b320
942 _2lcc
_cBOOK
999 _c6880
_d6880